[Event "Jyri Vetemaa memorial"]
[Site "?"]
[Date "2004.??.??"]
[Round "?"]
[White "Olde, Hendrik"]
[Black "Lahti, Jouko"]
[Result "1-0"]
[WhiteElo "2325"]
[BlackElo "2000"]
[PlyCount "99"]

1. Nf3 f5 2. d4 g6 3. g3 Bg7 4. Bg2 Nf6 5. O-O O-O 6. c4 d6 7. Nc3 Qe8 8. d5
Na6 9. Rb1 c5 10. a3 Nc7 11. b4 Ng4 12. Bb2 b6 13. e3 Rb8 14. Re1 Bd7 15. Ne2
h6 16. bxc5 bxc5 17. Bxg7 Kxg7 18. Rxb8 Qxb8 19. Qa1+ Kh7 20. Rb1 Qc8 21. Qc3
Qa6 22. Nf4 Na8 23. h4 Nb6 24. h5 gxh5 25. Nxh5 Rf7 26. Bf1 Qc8 27. Bd3 Kg8 28.
Kg2 e5 29. dxe6 Bxe6 30. Nf4 Bd7 31. Nd5 Bc6 32. e4 Bxd5 33. exd5 f4 34. Re1
Qf8 35. Bg6 Re7 36. Rxe7 Qxe7 37. Bf5 Qf6 38. Be6+ Kg7 39. Qa5 Nxc4 40. Qc7+
Kg6 41. Bxg4 fxg3 42. Kxg3 Ne5 43. Qc8 Kg7 44. Qb7+ Kf8 45. Nxe5 Qxe5+ 46. Kh3
h5 47. Be6 Qf4 48. Qc8+ Kg7 49. Qg8+ Kh6 50. Qg3 1-0

[Event "Jyri Vetemaa memorial"]
[Site "?"]
[Date "2004.??.??"]
[Round "?"]
[White "van de Wynkele, Eric"]
[Black "Zjukin, Sergei"]
[Result "0-1"]
[WhiteElo "2053"]
[BlackElo "2390"]
[PlyCount "54"]

1. Nf3 Nf6 2. c4 g6 3. Nc3 d5 4. cxd5 Nxd5 5. Qb3 Nb6 6. d4 Bg7 7. Bf4 O-O 8.
e3 Be6 9. Qc2 Nc6 10. a3 Bf5 11. Qd1 e5 12. Nxe5 Nxe5 13. Bxe5 Bxe5 14. dxe5
Qe7 15. f4 f6 16. Nd5 Nxd5 17. Qxd5+ Kh8 18. e4 Rad8 19. Qxb7 Bc8 20. Qb4 c5
21. exf6 Rxf6 22. Qc4 Rd4 23. Qc3 Qxe4+ 24. Be2 Qxg2 25. Rf1 Re6 26. Rf2 Rxe2+
27. Kxe2 Ba6+ 0-1

[Event "Jyri Vetemaa memorial"]
[Site "?"]
[Date "2004.??.??"]
[Round "?"]
[White "Jonkman, Harmen"]
[Black "Ovsiannikov, Maxim"]
[Result "1-0"]
[WhiteElo "2421"]
[BlackElo "2117"]
[PlyCount "47"]

1. e4 e6 2. d4 d5 3. e5 c5 4. c3 Qb6 5. Nf3 Bd7 6. a3 a5 7. b3 Nc6 8. Be3 cxd4
9. cxd4 f6 10. Bd3 f5 11. Nc3 Rc8 12. Na4 Qd8 13. h3 Be7 14. g4 b5 15. Nc5 Nxd4
16. Nxd7 Nxf3+ 17. Qxf3 Qxd7 18. gxf5 Rc3 19. fxe6 Qxe6 20. Bxb5+ Kd8 21. Rd1
Rxe3+ 22. Qxe3 Bxa3 23. O-O Ne7 24. Qa7 1-0

[Event "Jyri Vetemaa memorial"]
[Site "?"]
[Date "2004.??.??"]
[Round "?"]
[White "Walther, Cliff"]
[Black "Seeman, Tarvo"]
[Result "1/2-1/2"]
[WhiteElo "2162"]
[BlackElo "2425"]
[PlyCount "72"]

1. g3 g6 2. Bg2 Bg7 3. c4 e5 4. Nc3 f5 5. b4 Nf6 6. Rb1 d6 7. d3 O-O 8. Qb3 Kh8
9. b5 Nbd7 10. Nd5 Nc5 11. Qc2 Ne6 12. Bd2 f4 13. gxf4 Nxd5 14. cxd5 Nxf4 15.
Bxf4 exf4 16. h4 Bg4 17. Nf3 Qe7 18. Rb4 Rae8 19. Rc4 Qd7 20. a4 Qf5 21. Rxc7
Qxd5 22. O-O h6 23. Re1 Rc8 24. Ng5 Qf5 25. Ne4 Rxc7 26. Qxc7 Bxe2 27. Rxe2 f3
28. Bxf3 Qxf3 29. Re3 Qd1+ 30. Kg2 d5 31. Ng3 Bd4 32. Qe7 Kg8 33. Qe6+ Kg7 34.
Qe7+ Kg8 35. Qe6+ Kg7 36. Qe7+ Kg8 1/2-1/2

[Event "Jyri Vetemaa memorial"]
[Site "?"]
[Date "2004.??.??"]
[Round "?"]
[White "Kanep, Meelis"]
[Black "Bashkite, Viktoria"]
[Result "1-0"]
[WhiteElo "2446"]
[BlackElo "2163"]
[PlyCount "49"]

1. d4 d5 2. c4 e6 3. Nc3 c6 4. e4 Bb4 5. e5 c5 6. Nf3 Nc6 7. a3 Bxc3+ 8. bxc3
cxd4 9. cxd4 dxc4 10. Bxc4 Nge7 11. O-O b6 12. Bb2 Bb7 13. Ng5 Nf5 14. Qg4 Qd7
15. d5 exd5 16. e6 fxe6 17. Nxe6 Nce7 18. Bb5 Bc6 19. Bxc6 Qxc6 20. Rfe1 Kf7
21. Bxg7 h5 22. Qg5 Rh7 23. Bf6 Rg8 24. Nd8+ Rxd8 25. Bxe7 1-0

[Event "Jyri Vetemaa memorial"]
[Site "?"]
[Date "2004.??.??"]
[Round "?"]
[White "Kirschbaum, Gunnar"]
[Black "Sepp, Olav"]
[Result "1/2-1/2"]
[WhiteElo "2200"]
[BlackElo "2452"]
[PlyCount "111"]

1. d4 Nf6 2. c4 g6 3. Nc3 Bg7 4. e4 d6 5. f4 O-O 6. Nf3 Na6 7. Be2 e5 8. fxe5
dxe5 9. d5 c6 10. O-O cxd5 11. cxd5 Qb6+ 12. Kh1 Ne8 13. Nd2 Nd6 14. Nc4 Nxc4
15. Bxc4 Qd6 16. Be3 Bd7 17. Qe2 Nc7 18. a3 b6 19. Rac1 f5 20. Bg5 Kh8 21. Rfd1
h6 22. Be7 Qxe7 23. d6 Qd8 24. dxc7 Qxc7 25. Nb5 Bxb5 26. Bxb5 Qe7 27. Rd7 Qg5
28. Rcc7 Rac8 29. Qc4 Rxc7 30. Qxc7 Qf6 31. Bc4 fxe4 32. Rf7 Rxf7 33. Qxf7 Qxf7
34. Bxf7 Kh7 35. Kg1 h5 36. Kf1 Bh6 37. b3 Bf4 38. h3 Kg7 39. Bd5 e3 40. Ke2
Kf6 41. Be4 g5 42. Bf3 h4 43. Be4 Ke6 44. Kd3 Kd6 45. Bf3 Kc5 46. Be4 b5 47.
Bf3 a5 48. a4 Kb4 49. Bc6 e4+ 50. Ke2 Kxb3 51. Bxb5 Kc3 52. Ba6 Kd4 53. Bb5 Bd6
54. Kf1 Bc5 55. Ba6 Kc3 56. Ke2 1/2-1/2

[Event "Jyri Vetemaa memorial"]
[Site "?"]
[Date "2004.??.??"]
[Round "?"]
[White "Ernst, Thomas"]
[Black "Lasinskas, Povilas"]
[Result "1-0"]
[WhiteElo "2464"]
[BlackElo "2216"]
[PlyCount "101"]

1. e4 e5 2. Nf3 Nc6 3. Bb5 f5 4. Nc3 Nf6 5. exf5 Bc5 6. O-O O-O 7. Bxc6 dxc6 8.
Nxe5 Bxf5 9. d3 Qd4 10. Nf3 Qg4 11. Be3 Bd6 12. Ne2 Qh5 13. Ng3 Bxg3 14. fxg3
Ng4 15. Qd2 Be6 16. Bf4 Bd5 17. h3 Bxf3 18. Rxf3 Ne5 19. Rf2 Rae8 20. Re1 Nd7
21. Bxc7 Rxe1+ 22. Qxe1 Re8 23. Qd2 Nf6 24. Bf4 Qd5 25. b3 Qd4 26. Kh2 Qa1 27.
Re2 Rxe2 28. Qxe2 Kf7 29. a4 Qc3 30. Be5 Qc5 31. g4 h6 32. Kg3 Nd5 33. c4 Nb4
34. d4 Qe7 35. h4 Kg8 36. Qe4 a5 37. Qf5 Qe8 38. g5 hxg5 39. hxg5 Qh5 40. Bf4
b6 41. Qe6+ Kh7 42. Qf5+ Kg8 43. Bc7 Qe2 44. g6 Qe3+ 45. Kh4 Qe7+ 46. Kh3 Qxc7
47. d5 cxd5 48. cxd5 Qd8 49. d6 Qe8 50. d7 Qe3+ 51. g3 1-0

[Event "Jyri Vetemaa memorial"]
[Site "?"]
[Date "2004.??.??"]
[Round "?"]
[White "Pirttimaki, Timo"]
[Black "Kengis, Edvins"]
[Result "0-1"]
[WhiteElo "2220"]
[BlackElo "2562"]
[PlyCount "54"]

1. e4 c5 2. Nf3 e6 3. d4 cxd4 4. Nxd4 a6 5. Bd3 Bc5 6. Nb3 Be7 7. O-O d6 8. Nc3
Nf6 9. f4 Nbd7 10. Qf3 Qc7 11. a4 b6 12. Bd2 Bb7 13. Rae1 h6 14. Qg3 g6 15. Kh1
O-O-O 16. Qf2 Nc5 17. Nd4 d5 18. exd5 Nxd5 19. Nxd5 Rxd5 20. Bc4 Rd7 21. Bc3
Rhd8 22. b3 Nxa4 23. Ba1 Nc5 24. Nf3 b5 25. Bd3 Qxf4 26. Ne5 Qxf2 27. Rxf2 Bh4
0-1

[Event "Jyri Vetemaa memorial"]
[Site "?"]
[Date "2004.??.??"]
[Round "?"]
[White "Kulaots, Kaido"]
[Black "Vulleumier, Alexander"]
[Result "1-0"]
[WhiteElo "2567"]
[BlackElo "2224"]
[PlyCount "57"]

1. e4 c5 2. Nf3 d6 3. d4 cxd4 4. Nxd4 Nf6 5. Nc3 Nc6 6. Bg5 e6 7. Qd2 a6 8.
O-O-O h6 9. Be3 Bd7 10. f3 b5 11. Nxc6 Bxc6 12. Kb1 Qc7 13. Ne2 e5 14. Nc3 Be7
15. h4 Qb7 16. g4 b4 17. Nd5 Nxd5 18. exd5 Bd7 19. Be2 a5 20. f4 O-O-O 21. c4
Bf6 22. g5 hxg5 23. hxg5 Rxh1 24. Rxh1 exf4 25. Bxf4 Be7 26. Qd4 Bf8 27. Bd3
Qc7 28. c5 dxc5 29. Ba6+ 1-0

[Event "Jyri Vetemaa memorial"]
[Site "?"]
[Date "2004.??.??"]
[Round "?"]
[White "Lahti, Jouko"]
[Black "Pirttimaki, Timo"]
[Result "1-0"]
[WhiteElo "2000"]
[BlackElo "2220"]
[PlyCount "33"]

1. e4 e5 2. Nf3 Nc6 3. Nc3 g6 4. d4 exd4 5. Nxd4 Bg7 6. Be3 Nf6 7. Nxc6 bxc6 8.
e5 Nd5 9. Nxd5 cxd5 10. Qxd5 Rb8 11. Bc4 Qe7 12. Bxa7 Bb7 13. Qd4 Ra8 14. O-O
Bxe5 15. Qe3 Bxb2 16. Rab1 Qxe3 17. Bxe3 1-0

[Event "Jyri Vetemaa memorial"]
[Site "?"]
[Date "2004.??.??"]
[Round "?"]
[White "Vulleumier, Alexander"]
[Black "van de Wynkele, Eric"]
[Result "1-0"]
[WhiteElo "2224"]
[BlackElo "2053"]
[PlyCount "87"]

1. e4 c5 2. Nf3 d6 3. d4 Nd7 4. c3 Ngf6 5. Bd3 g6 6. O-O Bg7 7. h3 O-O 8. Be3
h6 9. Qd2 Kh7 10. e5 Nd5 11. e6 Nxe3 12. fxe3 fxe6 13. Qe2 Bf6 14. Nbd2 Kg7 15.
Nh2 e5 16. d5 Qe8 17. Rf3 Bh4 18. Raf1 Rxf3 19. Qxf3 Nf8 20. g3 Bf6 21. Ng4 Nh7
22. h4 Qf7 23. c4 Bd7 24. Be4 Rf8 25. Qe2 Qe8 26. Nh2 Qc8 27. Qd3 Be8 28. Kg2
Rh8 29. Ndf3 Bd7 30. Kf2 g5 31. h5 g4 32. Nd2 Ng5 33. Bg6 e4 34. Nxe4 Bf5 35.
Kg2 Bxg6 36. hxg6 Bxb2 37. Nxg5 hxg5 38. Rf7+ Kg8 39. Qe4 Bf6 40. Nxg4 Rh5 41.
Rxf6 exf6 42. Nxf6+ Kg7 43. Nxh5+ Kh6 44. g7 1-0

[Event "Jyri Vetemaa memorial"]
[Site "?"]
[Date "2004.??.??"]
[Round "?"]
[White "Porrasmaa, Timo"]
[Black "Ovsiannikov, Maxim"]
[Result "1-0"]
[WhiteElo "2224"]
[BlackElo "2117"]
[PlyCount "69"]

1. d4 Nf6 2. Nf3 c5 3. e3 e6 4. Bd3 b6 5. O-O Bb7 6. c4 Be7 7. Nc3 O-O 8. d5
exd5 9. cxd5 d6 10. e4 Nbd7 11. h3 Ne8 12. Bf4 g6 13. Nd2 a6 14. a4 Ne5 15.
Bxe5 dxe5 16. Nc4 Bd6 17. f4 exf4 18. e5 Bb8 19. Be4 f6 20. d6 Bxe4 21. Nxe4
Ra7 22. e6 Nxd6 23. Nexd6 Qe7 24. Qd5 Rd8 25. Rfd1 Bc7 26. Rd2 Kf8 27. Kh1 Raa8
28. a5 Rab8 29. axb6 Bxd6 30. Rad1 f3 31. Qxf3 Qxe6 32. Rxd6 Rxd6 33. Rxd6 Qxc4
34. Qxf6+ Qf7 35. Rd8+ 1-0

[Event "Jyri Vetemaa memorial"]
[Site "?"]
[Date "2004.??.??"]
[Round "?"]
[White "Seeman, Tarvo"]
[Black "Kirschbaum, Gunnar"]
[Result "1-0"]
[WhiteElo "2425"]
[BlackElo "2200"]
[PlyCount "57"]

1. g3 g6 2. Bg2 Bg7 3. e4 d6 4. d4 Nf6 5. Ne2 O-O 6. Nbc3 Na6 7. h3 c5 8. Be3
cxd4 9. Bxd4 Nb4 10. Qd2 Bd7 11. Rd1 Qc7 12. a3 e5 13. Be3 Nc6 14. Qxd6 Qc8 15.
Qd2 Rd8 16. Nd5 Nxd5 17. exd5 Nd4 18. Bxd4 exd4 19. Nxd4 Re8+ 20. Kf1 Bxd4 21.
Qxd4 Qxc2 22. Bf3 Rad8 23. Kg2 h5 24. Qf6 Qb3 25. g4 h4 26. Rhe1 Rc8 27. Re7
Rxe7 28. Qxe7 Qb5 29. Be2 1-0

[Event "Jyri Vetemaa memorial"]
[Site "?"]
[Date "2004.??.??"]
[Round "?"]
[White "Sepp, Olav"]
[Black "Walther, Cliff"]
[Result "1-0"]
[WhiteElo "2452"]
[BlackElo "2162"]
[PlyCount "99"]

1. e4 c5 2. Ne2 Nc6 3. Nbc3 a6 4. d4 cxd4 5. Nxd4 e6 6. Be2 Bd6 7. Nf5 Be5 8.
Nd6+ Bxd6 9. Qxd6 Qe7 10. Bf4 e5 11. Qxe7+ Ngxe7 12. Be3 Nd4 13. Bd3 d6 14.
Bxd4 exd4 15. Ne2 Nc6 16. Bc4 Ne5 17. Bb3 d3 18. Nf4 dxc2 19. Bxc2 Be6 20.
O-O-O Ke7 21. b3 Rac8 22. Kb2 g5 23. Ne2 Rc5 24. Nd4 Rhc8 25. h4 h6 26. hxg5
hxg5 27. Rd2 b5 28. Bd1 Rc3 29. Be2 R8c5 30. Rhd1 Nc6 31. Nc2 Ne5 32. g3 g4 33.
Ne3 Rc6 34. Rh1 R3c5 35. Rh4 Ng6 36. Rxg4 Bxg4 37. Bxg4 Rc1 38. Nd5+ Kf8 39.
Nb4 R6c3 40. Nd3 Rxd3 41. Kxc1 Ne5 42. Be2 Rc3+ 43. Kb2 Rc6 44. f4 Nd7 45. Bf3
Rb6 46. e5 Ke7 47. exd6+ Rxd6 48. Rxd6 Kxd6 49. Kc3 Kc5 50. b4+ 1-0

[Event "Jyri Vetemaa memorial"]
[Site "?"]
[Date "2004.??.??"]
[Round "?"]
[White "Tsiganova, Monika"]
[Black "Kanep, Meelis"]
[Result "1/2-1/2"]
[WhiteElo "2270"]
[BlackElo "2446"]
[PlyCount "170"]

1. d4 Nf6 2. c4 e5 3. dxe5 Ng4 4. e3 Nxe5 5. Nh3 g6 6. Nf4 Bg7 7. Be2 O-O 8.
Nc3 d6 9. O-O Nbd7 10. Qc2 a5 11. b3 Nc5 12. Bb2 c6 13. Rad1 Qc7 14. h3 Rd8 15.
Rfe1 Bf5 16. e4 Bd7 17. Bf1 a4 18. b4 Ne6 19. Nxe6 Bxe6 20. Nxa4 Nxc4 21. Bxg7
Kxg7 22. Bxc4 Bxc4 23. Qxc4 Rxa4 24. Rd2 Kg8 25. Qb3 Rda8 26. Red1 Qb6 27. Rxd6
Rxb4 28. Qc3 Rxe4 29. Qf6 Qb4 30. Rd8+ Re8 31. R8d7 Qc4 32. Rxb7 Rxa2 33. Rc7
c5 34. Rdd7 Rf8 35. h4 Ra6 36. Qg5 Ra1+ 37. Kh2 Ra4 38. g3 Ra2 39. Qxc5 Qxc5
40. Rxc5 Rxf2+ 41. Kh3 Re8 42. Rdc7 Ree2 43. h5 Kg7 44. hxg6 hxg6 45. Rc4 g5
46. R4c6 Re4 47. Rc2 Rf3 48. Kh2 Ree3 49. Rg2 Kg6 50. Rc4 Kh5 51. Ra4 Kg6 52.
Rc4 f6 53. Ra4 Rc3 54. Rb4 f5 55. Rb8 Rfe3 56. Ra8 Kf6 57. Rf2 Rf3 58. Rxf3
Rxf3 59. Kg2 Rd3 60. Ra2 Ke5 61. Re2+ Kd4 62. Re8 g4 63. Rd8+ Ke3 64. Re8+ Kd2
65. Re5 Rf3 66. Ra5 Ke3 67. Ra3+ Ke2 68. Ra2+ Kd1 69. Ra5 Kc2 70. Rd5 Kc3 71.
Rd8 Kc4 72. Ra8 Kd4 73. Ra4+ Ke5 74. Ra5+ Kf6 75. Ra6+ Kg5 76. Ra2 Re3 77. Rb2
Rd3 78. Ra2 Kf6 79. Re2 Rd4 80. Ra2 Ke5 81. Rb2 Rc4 82. Kf2 Rc3 83. Rb5+ Ke4
84. Rb4+ Kd3 85. Rb2 Ke4 1/2-1/2

[Event "Jyri Vetemaa memorial"]
[Site "?"]
[Date "2004.??.??"]
[Round "?"]
[White "Akimov, Ivan"]
[Black "Ernst, Thomas"]
[Result "1-0"]
[WhiteElo "2304"]
[BlackElo "2464"]
[PlyCount "107"]

1. d4 Nf6 2. c4 g6 3. Nc3 d5 4. cxd5 Nxd5 5. e4 Nxc3 6. bxc3 Bg7 7. Be3 c5 8.
Qd2 Qa5 9. Rc1 cxd4 10. cxd4 Qxd2+ 11. Kxd2 O-O 12. Bb5 Nc6 13. Nf3 f5 14. exf5
Bxf5 15. Bxc6 bxc6 16. Ne5 Bxe5 17. dxe5 Be4 18. f3 Bd5 19. a3 Rad8 20. Kc3 Rf5
21. Bxa7 Rxe5 22. Rhe1 Rg5 23. Rc2 e6 24. Rb1 c5 25. Rb8 Rxb8 26. Bxb8 Rf5 27.
a4 Rf7 28. Rb2 Rb7 29. Rxb7 Bxb7 30. Kc4 Kf7 31. Kxc5 Ke7 32. Be5 Kd7 33. Bg7
Ba6 34. a5 Bf1 35. g3 Be2 36. f4 Kc7 37. Kd4 Bg4 38. Bh6 Kb7 39. Ke5 Ka6 40.
Kf6 Kxa5 41. Kg7 Bf5 42. h4 Kb5 43. Kxh7 Kc5 44. Bg7 Kd6 45. Bc3 Ke7 46. Kg7
Ke8 47. Bb4 Kd7 48. Kf6 Ke8 49. Ba3 Kd7 50. Kf7 Kc6 51. g4 Bxg4 52. Kxg6 Kd5
53. h5 Ke4 54. Bd6 1-0

[Event "Jyri Vetemaa memorial"]
[Site "?"]
[Date "2004.??.??"]
[Round "?"]
[White "Kengis, Edvins"]
[Black "Olde, Hendrik"]
[Result "1/2-1/2"]
[WhiteElo "2562"]
[BlackElo "2325"]
[PlyCount "108"]

1. Nf3 Nf6 2. c4 c5 3. Nc3 g6 4. d4 cxd4 5. Nxd4 d6 6. e4 Bg7 7. Be2 O-O 8. O-O
a6 9. Be3 Bd7 10. f3 Nc6 11. Qd2 Rc8 12. Rfd1 Re8 13. Rab1 Qc7 14. Nxc6 Bxc6
15. b4 b6 16. Rdc1 Qb8 17. a4 Nd7 18. Qa2 Qa8 19. a5 Bxc3 20. Rxc3 b5 21. Bd4
Qb7 22. Rbc1 Nb8 23. Bb6 Nd7 24. cxb5 axb5 25. Be3 Qa6 26. Qd2 Ne5 27. Qd4 Bd7
28. Qb6 Qa8 29. a6 Rxc3 30. Rxc3 Rb8 31. Qa5 Nc4 32. Rxc4 bxc4 33. Bxc4 Qc6 34.
Qd5 e6 35. Qxc6 Bxc6 36. b5 Rxb5 37. Bxb5 Bxb5 38. a7 Bc6 39. Kf2 Kf8 40. Bg5
f5 41. exf5 exf5 42. Kg3 Kf7 43. Kf4 Ke6 44. Bh6 Bb7 45. Bf8 d5 46. Bc5 h5 47.
h4 Bc6 48. Bf2 Bb7 49. Ke3 Bc6 50. Kd4 Bb7 51. Bg3 Ba8 52. Bf4 Bb7 53. Kc5 Ba8
54. Kb6 Kd7 1/2-1/2

[Event "Jyri Vetemaa memorial"]
[Site "?"]
[Date "2004.??.??"]
[Round "?"]
[White "Zjukin, Sergei"]
[Black "Kulaots, Kaido"]
[Result "1/2-1/2"]
[WhiteElo "2390"]
[BlackElo "2567"]
[PlyCount "34"]

1. e4 c5 2. Nf3 e6 3. d4 cxd4 4. Nxd4 a6 5. Bd3 Bc5 6. Nb3 Be7 7. O-O d6 8. c4
Nd7 9. f4 b6 10. Nc3 Bb7 11. Be3 Ngf6 12. Qf3 O-O 13. Rad1 e5 14. f5 Bc6 15.
Nd5 Bxd5 16. cxd5 Nc5 17. Nxc5 bxc5 1/2-1/2

[Event "Jyri Vetemaa memorial"]
[Site "?"]
[Date "2004.??.??"]
[Round "?"]
[White "Walther, Cliff"]
[Black "Pirttimaki, Timo"]
[Result "1-0"]
[WhiteElo "2162"]
[BlackElo "2220"]
[PlyCount "85"]

1. d4 Nf6 2. c4 g6 3. g3 Bg7 4. Bg2 O-O 5. Nf3 d6 6. O-O Nbd7 7. Qc2 c6 8. Rd1
Qa5 9. e4 e5 10. Bd2 Qb6 11. dxe5 dxe5 12. Be3 Qb4 13. h3 Re8 14. Nbd2 a5 15.
c5 a4 16. a3 Qa5 17. Nc4 Qc7 18. Nd6 Re7 19. Bf1 Nf8 20. Nxc8 Qxc8 21. Nd2 Ne6
22. Nc4 Nd7 23. Nd6 Qc7 24. Bc4 Nd4 25. Rxd4 exd4 26. Bg5 Ne5 27. Bxe7 Qxe7 28.
f4 d3 29. Bxd3 Nf3+ 30. Kg2 Nd4 31. Qc4 b5 32. Qb4 Rd8 33. e5 Nb3 34. Re1 Qa7
35. Be4 Nxc5 36. Qd4 Qa5 37. Re2 Nxe4 38. Qxe4 Qb6 39. e6 Rxd6 40. exf7+ Kxf7
41. Qe8+ Kf6 42. Qe7+ Kf5 43. Re5+ 1-0

[Event "Jyri Vetemaa memorial"]
[Site "?"]
[Date "2004.??.??"]
[Round "?"]
[White "Lahti, Jouko"]
[Black "Vulleumier, Alexander"]
[Result "1/2-1/2"]
[WhiteElo "2000"]
[BlackElo "2224"]
[PlyCount "81"]

1. e4 c5 2. Nf3 d6 3. Bb5+ Bd7 4. Bxd7+ Qxd7 5. O-O Nf6 6. Re1 Nc6 7. c4 Ne5 8.
d3 e6 9. b3 Be7 10. Bb2 Nxf3+ 11. Qxf3 O-O 12. d4 cxd4 13. Bxd4 b5 14. cxb5
Qxb5 15. e5 dxe5 16. Nc3 Qa5 17. Rxe5 Qb4 18. Ne2 Rad8 19. Bc3 Qd6 20. Ng3 Nd5
21. Rd1 Qc7 22. Ba1 Qc2 23. Ree1 Bf6 24. Ne4 Bxa1 25. Rxa1 Rc8 26. Nd6 Rc3 27.
Qg4 Qg6 28. Qd4 Rd3 29. Qe4 Qxe4 30. Nxe4 h6 31. Kf1 Rd8 32. Rac1 a5 33. g3 a4
34. Nc5 Rd2 35. Re2 Rxe2 36. Kxe2 axb3 37. axb3 Rc8 38. Nd3 Rb8 39. Nc5 Rc8 40.
Nd3 Rb8 41. Nc5 1/2-1/2

[Event "Jyri Vetemaa memorial"]
[Site "?"]
[Date "2004.??.??"]
[Round "?"]
[White "Lasinskas, Povilas"]
[Black "Porrasmaa, Timo"]
[Result "1-0"]
[WhiteElo "2216"]
[BlackElo "2224"]
[PlyCount "85"]
[EventDate "2004.??.??"]

1. d4 g6 2. c4 Bg7 3. Nf3 c5 4. d5 Nf6 5. Nc3 O-O 6. Bg5 d6 7. Qc2 Na6 8. e4
Nc7 9. Be2 a6 10. O-O Rb8 11. a4 h6 12. Bd2 e5 13. dxe6 Nxe6 14. Qc1 Kh7 15.
Bd3 Ng4 16. Nd5 Ne5 17. Nxe5 dxe5 18. Ra3 Nd4 19. f4 f5 20. Re1 Qh4 21. exf5
Bxf5 22. Bxf5 Rxf5 23. Rh3 Qg4 24. Ne3 Ne2+ 25. Rxe2 Qxe2 26. Nxf5 gxf5 27.
fxe5 Rd8 28. Be1 Qxe5 29. Kf1 Qe4 30. Bf2 Rd3 31. Rxd3 Qxd3+ 32. Ke1 Bd4 33.
Bxd4 Qxd4 34. Kf1 Qd3+ 35. Kg1 Qd4+ 36. Kh1 Kg6 37. h3 Qf2 38. a5 Kf6 39. Qxh6+
Ke5 40. Qg7+ Kf4 41. Kh2 Ke4 42. Qxb7+ Kd4 43. Qd5+ 1-0

[Event "Jyri Vetemaa memorial"]
[Site "?"]
[Date "2004.??.??"]
[Round "?"]
[White "Ernst, Thomas"]
[Black "Bashkite, Viktoria"]
[Result "1/2-1/2"]
[WhiteElo "2464"]
[BlackElo "2163"]
[PlyCount "76"]

1. e4 e6 2. d4 d5 3. Nc3 dxe4 4. Nxe4 Bd7 5. Nf3 Bc6 6. Bd3 Nd7 7. O-O Ngf6 8.
Ned2 b6 9. Re1 Be7 10. Nc4 Bb7 11. Nce5 c5 12. Qe2 O-O 13. Ng5 cxd4 14. Nexf7
Rxf7 15. Nxf7 Kxf7 16. Qxe6+ Kf8 17. Qh3 Nc5 18. Bxh7 Nxh7 19. Qxh7 Qd5 20. f3
Bf6 21. Bf4 Rc8 22. Rad1 Ne6 23. Bc1 Ng5 24. Qh5 Qc5 25. Qh8+ Kf7 26. Qh5+ Kf8
27. Bxg5 Bxg5 28. Qh8+ Kf7 29. Qh5+ Kf8 30. f4 d3+ 31. Kh1 dxc2 32. Qh8+ Kf7
33. Rd7+ Be7 34. Rexe7+ Qxe7 35. Rxe7+ Kxe7 36. Qxg7+ Kd6 37. Qe5+ Kd7 38. Qd4+
Ke7 1/2-1/2

[Event "Jyri Vetemaa memorial"]
[Site "?"]
[Date "2004.??.??"]
[Round "?"]
[White "Kanep, Meelis"]
[Black "Zjukin, Sergei"]
[Result "1/2-1/2"]
[WhiteElo "2446"]
[BlackElo "2390"]
[PlyCount "39"]

1. d4 Nf6 2. c4 g6 3. Nc3 d5 4. h4 dxc4 5. e4 c5 6. d5 b5 7. e5 b4 8. exf6 bxc3
9. Bxc4 Qa5 10. Ne2 c2+ 11. Qd2 Qxd2+ 12. Bxd2 exf6 13. Bc3 Bg7 14. h5 O-O 15.
hxg6 hxg6 16. Nf4 Nd7 17. Kd2 Nb6 18. b3 Nxc4+ 19. bxc4 Ba6 20. Kd3 1/2-1/2

[Event "Jyri Vetemaa memorial"]
[Site "?"]
[Date "2004.??.??"]
[Round "?"]
[White "Olde, Hendrik"]
[Black "Sepp, Olav"]
[Result "0-1"]
[WhiteElo "2325"]
[BlackElo "2452"]
[PlyCount "90"]

1. c4 g6 2. Nc3 Bg7 3. g3 e5 4. Bg2 d6 5. e3 Ne7 6. Nge2 O-O 7. O-O c6 8. b3 d5
9. cxd5 Nxd5 10. Ba3 Re8 11. Rc1 Qa5 12. Bd6 Nxc3 13. dxc3 Na6 14. Rc2 Be6 15.
Rd2 Rad8 16. Qc1 Rd7 17. Rfd1 Red8 18. Be7 Rxd2 19. Rxd2 Re8 20. Bd6 f6 21. c4
Bf8 22. Nc3 Bxd6 23. Rxd6 Nc5 24. Qb2 Qc7 25. Rd2 a5 26. Ne4 Nxe4 27. Bxe4 Rd8
28. Bf3 Kf7 29. h4 Qb6 30. Rxd8 Qxd8 31. Qc3 Qb6 32. Be2 Qb4 33. Qxb4 axb4 34.
Bd3 Bg4 35. Kf1 Bf3 36. Ke1 Ke6 37. Be2 Bxe2 38. Kxe2 e4 39. Kf1 Kf5 40. Kg2
Kg4 41. Kg1 Kf3 42. Kf1 g5 43. h5 h6 44. c5 Kg4 45. Kg2 f5 0-1

[Event "Jyri Vetemaa memorial"]
[Site "?"]
[Date "2004.??.??"]
[Round "?"]
[White "Kengis, Edvins"]
[Black "Tsiganova, Monika"]
[Result "1-0"]
[WhiteElo "2562"]
[BlackElo "2270"]
[PlyCount "33"]

1. Nf3 Nf6 2. c4 e6 3. g3 d5 4. Bg2 Be7 5. b3 O-O 6. O-O c5 7. e3 Nc6 8. Bb2 b6
9. Nc3 Bb7 10. cxd5 Nxd5 11. Nxd5 Qxd5 12. d4 Qd7 13. dxc5 Qxd1 14. Rfxd1 Bxc5
15. Rd7 Rab8 16. Ng5 Na5 17. Nxe6 1-0

[Event "Jyri Vetemaa memorial"]
[Site "?"]
[Date "2004.??.??"]
[Round "?"]
[White "Kulaots, Kaido"]
[Black "Seeman, Tarvo"]
[Result "1-0"]
[WhiteElo "2567"]
[BlackElo "2425"]
[PlyCount "141"]

1. e4 d5 2. exd5 Qxd5 3. Nc3 Qa5 4. d4 Nf6 5. Bc4 Bg4 6. f3 Bf5 7. Nge2 Nc6 8.
Bd2 O-O-O 9. a3 Nxd4 10. Nxd4 Rxd4 11. Nb5 Qb6 12. Nxd4 Qxd4 13. Bxf7 Qxb2 14.
Bb3 e5 15. O-O Bc5+ 16. Kh1 Rd8 17. Qe2 a6 18. Rab1 Qd4 19. Rbd1 Bd6 20. Bb4
Qb6 21. Rd2 Kb8 22. Rfd1 e4 23. Bxd6 cxd6 24. Rd4 Qc5 25. Qf2 Ka7 26. fxe4 Bxe4
27. h3 d5 28. c4 dxc4 29. Bxc4 Bc6 30. Qg1 Re8 31. Rd8 Qxg1+ 32. Kxg1 Re3 33.
R8d3 Re4 34. Rd4 Re3 35. Bd3 Re5 36. Bf1 h5 37. g3 Ne4 38. Re1 Rg5 39. Rdxe4
Bxe4 40. Rxe4 Rxg3+ 41. Bg2 Rxa3 42. Re7 Rb3 43. Rxg7 a5 44. Rg5 b5 45. Rxh5 a4
46. Bd5 Rb2 47. Rh8 Kb6 48. Ra8 Rd2 49. Bg8 Kb7 50. Rf8 Kc6 51. h4 b4 52. h5 b3
53. h6 Rd6 54. h7 Rg6+ 55. Kf2 Rh6 56. Ra8 Kb5 57. Rb8+ Kc5 58. Ke3 Rh4 59. Kd3
Rh2 60. Rb7 Kc6 61. Rb4 Kc5 62. Rb8 Kc6 63. Kc3 Kc5 64. Rc8+ Kd6 65. Rb8 Kc5
66. Rb7 Rc2+ 67. Kd3 Rh2 68. Be6 Kc6 69. Rg7 Kd6 70. Bf5 Ke5 71. Rg2 1-0

[Event "Jyri Vetemaa memorial"]
[Site "?"]
[Date "2004.??.??"]
[Round "?"]
[White "Jonkman, Harmen"]
[Black "Akimov, Ivan"]
[Result "1-0"]
[WhiteElo "2421"]
[BlackElo "2304"]
[PlyCount "119"]

1. e4 e5 2. Nf3 Nf6 3. Nxe5 d6 4. Nf3 Nxe4 5. Nc3 Nf6 6. d4 Be7 7. h3 a6 8. Bd3
O-O 9. O-O b5 10. Ne2 Bb7 11. Ng3 Nbd7 12. Nf5 Re8 13. Nxe7+ Qxe7 14. Nh4 Qf8
15. Nf5 Be4 16. Bg5 Re6 17. a4 b4 18. a5 Qb8 19. Bxe4 Rxe4 20. Qf3 Qe8 21. Bd2
Rb8 22. Rfe1 Qe6 23. Rxe4 Nxe4 24. Qg4 g6 25. Re1 Qxf5 26. Qxe4 Qxe4 27. Rxe4
Nf6 28. Re1 Nd5 29. Kf1 Kg7 30. Ke2 Rb5 31. Ra1 h5 32. Ra4 Kf6 33. g4 hxg4 34.
hxg4 Ke6 35. Kd3 c5 36. Ra1 Nf6 37. f3 Kd5 38. dxc5 dxc5 39. c4+ bxc3 40. Bxc3
Nd7 41. Re1 Kd6 42. Kc4 Rb8 43. f4 Rc8 44. Rd1+ Kc6 45. Re1 Kd6 46. Rd1+ Kc6
47. Be5 Nxe5+ 48. fxe5 Rc7 49. Rd6+ Kb7 50. g5 Re7 51. Kd5 c4 52. e6 fxe6+ 53.
Rxe6 Rf7 54. Rf6 Rc7 55. Rxg6 c3 56. bxc3 Rxc3 57. Rg7+ Kb8 58. g6 Ra3 59. Rf7
Rxa5+ 60. Kc6 1-0

[Event "Jyri Vetemaa memorial"]
[Site "?"]
[Date "2004.??.??"]
[Round "?"]
[White "Pirttimaki, Timo"]
[Black "Ovsiannikov, Maxim"]
[Result "0-1"]
[WhiteElo "2220"]
[BlackElo "2117"]
[PlyCount "48"]

1. e4 e6 2. Nf3 d5 3. e5 c5 4. b4 cxb4 5. d4 Nc6 6. a3 Qa5 7. Bd2 Qb6 8. Be3
bxa3 9. Bd3 Qb2 10. Nbd2 Nb4 11. O-O Nxd3 12. cxd3 Qb5 13. Qe2 Bd7 14. Rfb1 Qa6
15. Nb3 Bb5 16. Ne1 b6 17. Qd2 Ne7 18. Nc2 Nc6 19. Nc5 bxc5 20. Rxa3 Qb7 21.
Rab3 a6 22. Na3 c4 23. dxc4 dxc4 24. Nxc4 Be7 0-1